000 00726nam a22002652 4500
001 17245
003 BD-RjUL
005 20211209000117.0
008 831130s1961 njua b 000 0 eng c
035 _a(BD-RjUL)17303
040 _aDLC/ICU
_cCGU
_dUKM
_dBD-RjUL
_beng
041 _aeng
082 0 _a546.38
100 1 _aFatt, Irving.
_953171
245 0 0 _aAlkali metal dispersions /
_cby Irving Fatt
260 _aPrinceton, N.J. :
_bVan Nostrand,
_c1961
300 _a228 p. :
_billus. ;
_c24 cm.
504 _aIncludes bibliography.
650 0 _aAlkali metals.
_953172
650 0 _aColloids.
_953173
700 1 _aTashima, Marie.
_953174
942 _2ddc
_cBK
999 _c17245
_d17245